[Event "Moron Philidor CC op 17th"]
[Site "Moron"]
[Date "2018.09.13"]
[Round "4"]
[White "Delgado, Raul Alejandro"]
[Black "Solano, Pablo"]
[Result "0-1"]
[WhiteElo "1605"]
[BlackElo "1918"]
[PlyCount "82"]
[EventDate "2018.09.04"]
[EventType "swiss"]
[EventRounds "6"]
[EventCountry "ARG"]
[SourceTitle "CBM 186 Extra"]
[Source "ChessBase"]
[SourceDate "2018.08.24"]
[SourceVersion "1"]
[SourceVersionDate "2018.08.24"]
[SourceQuality "1"]

1. c4 Nf6 2. Nc3 c6 3. e4 d6 4. d4 g6 5. Nf3 Bg7 6. Be2 0-0 7. 0-0 a6 8. a4 a5 9. h3 Na6 10. Be3 Nd7 11. Qd2 Re8 12. c5 dxc5 13. Bxa6 cxd4 14. Bxd4 bxa6 15. Bxg7 Kxg7 16. Rfd1 Qb6 17. Qd4+ e5 18. Qxb6 Nxb6 19. Rd6 Nc4 20. Rxc6 Nxb2 21. Rc5 Be6 22. Nxe5 Rac8 23. Rxc8 Rxc8 24. Ne2 f6 25. Nf3 Rc4 26. Nfd4 Bg8 27. Nb3 Rxe4 28. Nc3 Re5 29. Nd4 Rc5 30. Nde2 Rc4 31. Kf1 Bf7 32. Ra2 Rxc3 33. Nxc3 Bxa2 34. Nxa2 Nxa4 35. Ke2 Kf7 36. Kd3 Ke6 37. Kd4 Kd6 38. Nc1 Kc6 39. f4 Kb5 40. g4 Nc5 41. Kc3 Ne4+ 0-1

[Event "Moron Philidor CC op 17th"]
[Site "Moron"]
[Date "2018.09.11"]
[Round "3"]
[White "Brunsteins, Daniel Bernardo"]
[Black "Delgado, Raul Alejandro"]
[Result "1/2-1/2"]
[WhiteElo "1863"]
[BlackElo "1605"]
[PlyCount "26"]
[EventDate "2018.09.04"]
[EventType "swiss"]
[EventRounds "6"]
[EventCountry "ARG"]
[SourceTitle "CBM 186 Extra"]
[Source "ChessBase"]
[SourceDate "2018.08.24"]
[SourceVersion "1"]
[SourceVersionDate "2018.08.24"]
[SourceQuality "1"]

1. g3 d5 2. Bg2 Nf6 3. d4 g6 4. Nf3 Bg7 5. b3 0-0 6. Bb2 Nc6 7. 0-0 Re8 8. c4 e6 9. e3 Rb8 10. Nc3 b6 11. Re1 dxc4 12. bxc4 Na5 13. Ne5 Bb7 1/2-1/2

[Event "Moron Philidor CC 13th"]
[Site "Moron"]
[Date "2017.05.13"]
[Round "4.13"]
[White "Delgado, Raul Alejandro"]
[Black "Garavagno, Martin"]
[Result "0-1"]
[WhiteElo "1604"]
[BlackElo "1846"]
[PlyCount "80"]
[EventDate "2017.05.09"]
[EventType "swiss"]
[EventRounds "7"]
[EventCountry "ARG"]
[SourceTitle "EXT 2024"]
[Source "ChessBase"]
[SourceDate "2023.10.10"]
[SourceVersion "1"]
[SourceVersionDate "2023.10.10"]
[SourceQuality "1"]

1. c4 Nf6 2. Nc3 g6 3. b3 Bg7 4. Bb2 0-0 5. g3 d6 6. Bg2 e5 7. d3 Nh5 8. Nf3 f5 9. e4 Nc6 10. exf5 Bxf5 11. Qd2 Nf6 12. 0-0 Nb4 13. Ne4 Nxd3 14. Nxf6+ Rxf6 15. Nh4 Nxb2 16. Qxb2 c6 17. Nxf5 gxf5 18. Rad1 Qc7 19. Qd2 Bh6 20. Qd3 a5 21. Qc3 f4 22. Be4 Raf8 23. Qf3 fxg3 24. Qg4+ Kh8 25. hxg3 Qb6 26. Qd7 R8f7 27. Qc8+ Bf8 28. Qh3 Rh6 29. Qc8 Rhf6 30. Rd2 Rg7 31. Kg2 Qb4 32. Re2 Qc3 33. Re3 Qd4 34. Bb1 d5 35. Rf3 Rxf3 36. Kxf3 e4+ 37. Kg2 Qf6 38. cxd5 Qf3+ 39. Kg1 e3 40. Qe6 exf2+ 0-1

[Event "SA-2014-0-00394"]
[Site "LSS email"]
[Date "2014.02.16"]
[Round "?"]
[White "Delgado, Raul Alejandro"]
[Black "Silva Filho, Alcindo Luz Bastos"]
[Result "0-1"]
[WhiteElo "2084"]
[BlackElo "2026"]
[PlyCount "66"]
[EventDate "2014.01.20"]
[EventType "tourn (corr)"]
[EventRounds "6"]
[EventCountry "GER"]
[SourceTitle "Corr 2015"]
[Source "ChessBase"]
[SourceDate "2015.07.17"]
[SourceVersion "1"]
[SourceVersionDate "2015.07.17"]
[SourceQuality "1"]

1. d4 Nf6 2. c4 e6 3. Nc3 Bb4 4. e3 0-0 5. Bd3 c5 6. Nf3 d5 7. 0-0 Nc6 8. a3 Bxc3 9. bxc3 Qc7 10. Bb2 dxc4 11. Bxc4 e5 12. h3 b6 13. Be2 e4 14. Nd2 Rd8 15. Qc2 Bf5 16. dxc5 bxc5 17. c4 Ne5 18. Rab1 Qe7 19. Rfd1 Nd3 20. Nxe4 Nxb2 21. Rxd8+ Rxd8 22. Nxf6+ Qxf6 23. e4 Bxh3 24. Bf1 Bxg2 25. Qxb2 Bxe4 26. Qxf6 gxf6 27. Rb3 Rd1 28. f3 Rb1 29. Rxb1 Bxb1 30. Kf2 Kg7 31. Ke3 h5 32. Kf4 Kg6 33. Be2 h4 0-1

[Event "CP-2012-Q-00005"]
[Site "LSS email"]
[Date "2013.12.17"]
[Round "?"]
[White "Sherwood, Russell"]
[Black "Delgado, Raul Alejandro"]
[Result "1/2-1/2"]
[WhiteElo "2102"]
[BlackElo "2084"]
[PlyCount "97"]
[EventDate "2013.12.22"]
[EventType "tourn (corr)"]
[EventRounds "6"]
[EventCountry "GER"]
[SourceTitle "Corr 2015"]
[Source "ChessBase"]
[SourceDate "2015.07.17"]
[SourceVersion "1"]
[SourceVersionDate "2015.07.17"]
[SourceQuality "1"]

1. e4 c6 2. d4 d5 3. Nc3 dxe4 4. Nxe4 Nd7 5. Nf3 Ngf6 6. Nc3 e6 7. Bf4 Bb4 8. Bd3 Nd5 9. Bd2 Nxc3 10. bxc3 Bd6 11. a4 0-0 12. 0-0 c5 13. Qe2 Qc7 14. a5 Rb8 15. Rfe1 Re8 16. h3 b6 17. a6 Nf8 18. Ne5 Bd7 19. h4 Red8 20. h5 f6 21. Nxd7 Rxd7 22. g3 Rf7 23. Qf3 f5 24. Rab1 Rc8 25. h6 g6 26. Rbd1 f4 27. g4 Qe7 28. Bc4 Qf6 29. d5 e5 30. Qh3 Nd7 31. f3 Qg5 32. Re2 Re8 33. Bb5 c4 34. Re4 Ref8 35. Rxc4 Nc5 36. Kf1 Re7 37. Re1 Qf6 38. Bc1 e4 39. fxe4 Re5 40. Rd4 g5 41. Bd2 Qg6 42. Qf3 Qxh6 43. Re2 Qg7 44. Rh2 Qg6 45. Re2 Kg7 46. Be1 Rh8 47. Rh2 Rxe4 48. Rxe4 Qxe4 49. Qxe4 1/2-1/2

[Event "SM-2013-0-00280"]
[Site "LSS email"]
[Date "2013.12.11"]
[Round "?"]
[White "Steinke, Ruediger"]
[Black "Delgado, Raul Alejandro"]
[Result "1/2-1/2"]
[WhiteElo "2217"]
[BlackElo "2080"]
[PlyCount "41"]
[EventDate "2013.11.21"]
[EventType "tourn (corr)"]
[EventRounds "6"]
[EventCountry "GER"]
[SourceTitle "Corr 2015"]
[Source "ChessBase"]
[SourceDate "2015.07.17"]
[SourceVersion "1"]
[SourceVersionDate "2015.07.17"]
[SourceQuality "1"]

1. e4 c6 2. d4 d5 3. Nc3 dxe4 4. Nxe4 Nd7 5. Nf3 Ngf6 6. Ng3 e6 7. Bd3 c5 8. 0-0 Be7 9. Qe2 0-0 10. Rd1 Qc7 11. c4 Re8 12. dxc5 Nxc5 13. Bc2 Ncd7 14. Rd4 h6 15. b3 e5 16. Rd1 b6 17. Bb2 Bb7 18. Nd2 Bc5 19. Nde4 Nxe4 20. Bxe4 Nf6 21. Bxb7 1/2-1/2

[Event "CP-2013-P-00016"]
[Site "LSS email"]
[Date "2013.09.30"]
[Round "?"]
[White "Delgado, Raul Alejandro"]
[Black "Pirttimaki, Mika"]
[Result "1-0"]
[WhiteElo "2080"]
[BlackElo "1171"]
[PlyCount "67"]
[EventDate "2013.10.01"]
[EventType "tourn (corr)"]
[EventRounds "6"]
[EventCountry "GER"]
[SourceTitle "Corr 2015"]
[Source "ChessBase"]
[SourceDate "2015.07.17"]
[SourceVersion "1"]
[SourceVersionDate "2015.07.17"]
[SourceQuality "1"]

1. d4 Nf6 2. c4 d6 3. Nc3 e5 4. Nf3 Nbd7 5. e4 Be7 6. Be2 0-0 7. 0-0 c6 8. h3 a6 9. Be3 Qc7 10. d5 c5 11. Qc2 Re8 12. a3 Nf8 13. b4 b6 14. Rfb1 Bd7 15. a4 Reb8 16. a5 b5 17. bxc5 dxc5 18. cxb5 axb5 19. Nxb5 Bxb5 20. Bxb5 Rxa5 21. Rxa5 Qxa5 22. Qd3 Bd6 23. Nd2 N6d7 24. Nc4 Qc7 25. Bc6 Rxb1+ 26. Qxb1 f6 27. Qb5 Kf7 28. Bd2 Ke7 29. Ba5 Qb8 30. Qa6 Qb1+ 31. Kh2 Qb8 32. Bb5 g6 33. Nxd6 Qxd6 34. Bd8+ 1-0

[Event "SA-2012-0-00320"]
[Site "LSS email"]
[Date "2012.12.15"]
[Round "?"]
[White "Delgado, Raul Alejandro"]
[Black "Dard, Michel"]
[Result "1/2-1/2"]
[WhiteElo "2140"]
[BlackElo "2137"]
[PlyCount "59"]
[EventDate "2012.11.28"]
[EventType "tourn (corr)"]
[EventRounds "6"]
[EventCountry "GER"]
[SourceTitle "Telechess CBM 167"]
[Source "ChessBase"]
[SourceDate "2015.07.13"]
[SourceVersion "1"]
[SourceVersionDate "2015.07.13"]
[SourceQuality "1"]

1. d4 Nf6 2. c4 g6 3. Nc3 Bg7 4. e4 d6 5. Nf3 0-0 6. Be2 e5 7. 0-0 Na6 8. Re1 c6 9. Bf1 exd4 10. Nxd4 Ng4 11. h3 Qb6 12. hxg4 Qxd4 13. g5 Qe5 14. Qf3 Qe7 15. Bf4 Be5 16. Rad1 Nc5 17. Bxe5 dxe5 18. Qg3 a5 19. Rd2 b6 20. b3 Ra7 21. Rb1 Rd7 22. Rxd7 Bxd7 23. a3 Ne6 24. Qxe5 Qxa3 25. Qf6 Qb4 26. Na4 Nc5 27. Nxc5 Qxc5 28. Rc1 Be6 29. Rc3 Qa3 30. Re3 1/2-1/2

[Event "SA-2012-0-00320"]
[Site "LSS email"]
[Date "2012.12.15"]
[Round "?"]
[White "Kudr, Roman"]
[Black "Delgado, Raul Alejandro"]
[Result "1/2-1/2"]
[WhiteElo "2117"]
[BlackElo "2140"]
[PlyCount "62"]
[EventDate "2012.11.28"]
[EventType "tourn (corr)"]
[EventRounds "6"]
[EventCountry "GER"]
[SourceTitle "Telechess CBM 167"]
[Source "ChessBase"]
[SourceDate "2015.07.13"]
[SourceVersion "1"]
[SourceVersionDate "2015.07.13"]
[SourceQuality "1"]

1. Nf3 Nf6 2. c4 d6 3. g3 g6 4. d4 Bg7 5. Bg2 0-0 6. 0-0 Nc6 7. Nc3 a6 8. h3 Bd7 9. e4 e5 10. dxe5 dxe5 11. b3 Re8 12. Be3 b5 13. cxb5 axb5 14. Bg5 Qc8 15. Bxf6 Bxf6 16. Nxb5 Rd8 17. Qe2 Qa6 18. Nc3 Qxe2 19. Nxe2 Ra3 20. Nc3 Nd4 21. Nxd4 exd4 22. Nd5 Kg7 23. Rfd1 Be6 24. Rd2 Bg5 25. f4 Bxd5 26. exd5 Be7 27. Rc1 Bd6 28. Rcc2 Rda8 29. Bf1 h5 30. h4 R8a5 31. Bc4 Bb4 1/2-1/2

[Event "CP-2012-P-00056"]
[Site "LSS email"]
[Date "2012.10.01"]
[Round "?"]
[White "Delgado, Raul Alejandro"]
[Black "Popov, Misha"]
[Result "1-0"]
[WhiteElo "2148"]
[BlackElo "892"]
[PlyCount "35"]
[EventDate "2012.10.05"]
[EventType "tourn (corr)"]
[EventRounds "6"]
[EventCountry "GER"]
[SourceTitle "Corr 2015"]
[Source "ChessBase"]
[SourceDate "2015.07.17"]
[SourceVersion "1"]
[SourceVersionDate "2015.07.17"]
[SourceQuality "1"]

1. d4 d5 2. c4 e6 3. Nc3 Nf6 4. Nf3 Be7 5. Bf4 0-0 6. e3 c5 7. dxc5 Bxc5 8. a3 Nc6 9. Qc2 Qe7 10. 0-0-0 Rd8 11. Bg5 h6 12. Bxf6 Qxf6 13. cxd5 exd5 14. Nxd5 Qg6 15. Qxc5 b6 16. Ne7+ Nxe7 17. Rxd8+ Kh7 18. Qxe7 1-0

[Event "CP-2012-P-00056"]
[Site "LSS email"]
[Date "2012.10.01"]
[Round "?"]
[White "Delgado, Raul Alejandro"]
[Black "Simmelink, Joop Theo"]
[Result "1/2-1/2"]
[WhiteElo "2148"]
[BlackElo "2259"]
[PlyCount "54"]
[EventDate "2012.10.05"]
[EventType "tourn (corr)"]
[EventRounds "6"]
[EventCountry "GER"]
[SourceTitle "Telechess CBM 161"]
[Source "ChessBase"]
[SourceDate "2014.07.16"]
[SourceVersion "1"]
[SourceVersionDate "2014.07.16"]
[SourceQuality "1"]

1. d4 d5 2. c4 c6 3. Nf3 Nf6 4. Nc3 e6 5. Bg5 dxc4 6. e4 b5 7. e5 h6 8. Bh4 g5 9. Nxg5 hxg5 10. Bxg5 Nbd7 11. exf6 Bb7 12. g3 c5 13. d5 Bh6 14. Bxh6 Rxh6 15. Qd2 Qxf6 16. Ne4 Qf3 17. Nd6+ Ke7 18. Qxh6 Kxd6 19. dxe6 Ne5 20. exf7+ Ke7 21. Qf4 Qxf4 22. gxf4 Nf3+ 23. Kd1 Rd8+ 24. Kc1 Rd2 25. a4 Be4 26. axb5 Rc2+ 27. Kd1 Rd2+ 1/2-1/2

[Event "CP-2012-P-00056"]
[Site "LSS email"]
[Date "2012.10.01"]
[Round "?"]
[White "Lopriore, Nunzio"]
[Black "Delgado, Raul Alejandro"]
[Result "0-1"]
[WhiteElo "1261"]
[BlackElo "2148"]
[PlyCount "68"]
[EventDate "2012.10.05"]
[EventType "tourn (corr)"]
[EventRounds "6"]
[EventCountry "GER"]
[SourceTitle "Telechess CBM 161"]
[Source "ChessBase"]
[SourceDate "2014.07.16"]
[SourceVersion "1"]
[SourceVersionDate "2014.07.16"]
[SourceQuality "1"]

1. d4 d5 2. Nf3 Nf6 3. c4 c6 4. Nc3 a6 5. cxd5 cxd5 6. e3 Nc6 7. h3 g6 8. Be2 Bg7 9. a3 0-0 10. 0-0 Bf5 11. Bd3 Ne4 12. Qc2 Rc8 13. Bd2 e5 14. dxe5 Nxe5 15. Nxe5 Bxe5 16. Rac1 Nxd2 17. Qxd2 d4 18. exd4 Qxd4 19. Rfd1 Rcd8 20. Qe1 Bxd3 21. Rxd3 Qxd3 22. Qxe5 Rfe8 23. Qc7 Rd7 24. Qf4 Qd2 25. Qxd2 Rxd2 26. Rb1 Rc2 27. g4 Re6 28. Kf1 Rb6 29. Nd1 Rb3 30. Kg2 b5 31. h4 Kg7 32. Ra1 f5 33. gxf5 gxf5 34. Rb1 Kg6 0-1

[Event "CP-2012-P-00056"]
[Site "LSS email"]
[Date "2012.10.01"]
[Round "?"]
[White "Wisham, Clyde"]
[Black "Delgado, Raul Alejandro"]
[Result "1/2-1/2"]
[WhiteElo "1742"]
[BlackElo "2148"]
[PlyCount "61"]
[EventDate "2012.10.05"]
[EventType "tourn (corr)"]
[EventRounds "6"]
[EventCountry "GER"]
[SourceTitle "Telechess CBM 161"]
[Source "ChessBase"]
[SourceDate "2014.07.16"]
[SourceVersion "1"]
[SourceVersionDate "2014.07.16"]
[SourceQuality "1"]

1. d4 d5 2. c4 c6 3. Nf3 Nf6 4. e3 e6 5. Bd3 dxc4 6. Bxc4 c5 7. 0-0 a6 8. dxc5 Qxd1 9. Rxd1 Bxc5 10. a3 b5 11. b4 Be7 12. Bd3 0-0 13. Nbd2 Bb7 14. Bb2 Nbd7 15. Rac1 Rac8 16. Nb3 Ba8 17. Be2 Nb6 18. Ne5 Na4 19. Ba1 Nd5 20. Bh5 g6 21. Bg4 Rfd8 22. Bf3 f6 23. Rxc8 Rxc8 24. Bg4 f5 25. Bf3 Bd6 26. Bd4 Rc3 27. Rd3 Bxe5 28. Rxc3 Ndxc3 29. Bxa8 Bxd4 30. Nxd4 e5 31. Nc2 1/2-1/2

[Event "SM-2012-0-00205"]
[Site "LSS email"]
[Date "2012.06.20"]
[Round "?"]
[White "Delgado, Raul Alejandro"]
[Black "Simmelink, Joop Theo"]
[Result "0-1"]
[WhiteElo "2140"]
[BlackElo "2286"]
[PlyCount "82"]
[EventDate "2012.05.15"]
[EventType "tourn (corr)"]
[EventRounds "6"]
[EventCountry "GER"]
[SourceTitle "Telechess CBM 163"]
[Source "ChessBase"]
[SourceDate "2014.11.11"]
[SourceVersion "2"]
[SourceVersionDate "2014.11.11"]
[SourceQuality "1"]

1. d4 d5 2. c4 c6 3. Nf3 Nf6 4. Nc3 e6 5. Bg5 h6 6. Bh4 dxc4 7. e4 g5 8. Bg3 b5 9. Be2 Bb7 10. h4 g4 11. Ne5 Nbd7 12. Bxg4 Nxe5 13. Bxe5 Rg8 14. Bf3 Nd7 15. Bg3 Qb6 16. Qd2 Bg7 17. 0-0-0 b4 18. Na4 Qa5 19. Qc2 c5 20. d5 e5 21. Be2 Ba6 22. b3 c3 23. d6 Bf6 24. Kb1 Rb8 25. Bh2 c4 26. Rd5 Qd8 27. g3 cxb3 28. axb3 Bb7 29. Rdd1 Qa5 30. f3 Nb6 31. Qa2 Nxa4 32. Qxa4+ Qxa4 33. bxa4 Bc6 34. Bc4 h5 35. Bb3 a5 36. Rhf1 Kd7 37. Bxf7 Bxa4 38. Rd5 Rg7 39. Bxh5 Bb3 40. Rc5 a4 41. f4 Kxd6 0-1

[Event "SM-2011-0-00163"]
[Site "LSS email"]
[Date "2011.07.11"]
[Round "?"]
[White "Delgado, Raul Alejandro"]
[Black "Kriksciunas, Bronislavas"]
[Result "1/2-1/2"]
[WhiteElo "2148"]
[BlackElo "2149"]
[PlyCount "114"]
[EventDate "2011.06.09"]
[EventType "tourn (corr)"]
[EventRounds "6"]
[EventCountry "GER"]
[SourceTitle "Telechess CBM 161"]
[Source "ChessBase"]
[SourceDate "2014.07.16"]
[SourceVersion "1"]
[SourceVersionDate "2014.07.16"]
[SourceQuality "1"]

1. d4 g6 2. c4 Nf6 3. Nc3 Bg7 4. e4 d6 5. Nf3 0-0 6. Be2 e5 7. 0-0 Nc6 8. d5 Ne7 9. b4 Nh5 10. Re1 f5 11. Ng5 Nf6 12. f3 Kh8 13. Rb1 h6 14. Ne6 Bxe6 15. dxe6 fxe4 16. fxe4 Nc6 17. Nd5 Ng8 18. Bd3 Nd4 19. Qg4 g5 20. h4 Nf6 21. Qg3 Nxe6 22. hxg5 Nh5 23. Qh2 Nhf4 24. gxh6 Bf6 25. Bxf4 Nxf4 26. Re3 Bg5 27. Rf3 Rg8 28. g3 Ne6 29. Qf2 Bh4 30. Kf1 Bxg3 31. Rxg3 Rf8 32. Rf3 Rxf3 33. Qxf3 Qh4 34. Ne3 Rg8 35. Nf5 Qh2 36. Ng7 Nf4 37. Ke1 Nxd3+ 38. Qxd3 Qxh6 39. Rb3 Kxg7 40. Qg3+ Qg6 41. Qxg6+ Kxg6 42. Kd2 Rh8 43. Rg3+ Kf6 44. a4 b6 45. Rf3+ Ke7 46. Rg3 Rh4 47. Kd3 Kd7 48. b5 Rh1 49. Kc3 Ra1 50. Kb3 Kc8 51. Rg8+ Kb7 52. Rg4 Rb1+ 53. Kc3 Rc1+ 54. Kb3 Rf1 55. Rg3 Rf4 56. Re3 a5 57. Kc3 Rg4 1/2-1/2

[Event "SM-2011-0-00163"]
[Site "LSS email"]
[Date "2011.07.11"]
[Round "?"]
[White "Drysdale, Bryan R"]
[Black "Delgado, Raul Alejandro"]
[Result "0-1"]
[WhiteElo "2190"]
[BlackElo "2148"]
[PlyCount "48"]
[EventDate "2011.06.09"]
[EventType "tourn (corr)"]
[EventRounds "6"]
[EventCountry "GER"]
[SourceTitle "Telechess CBM 161"]
[Source "ChessBase"]
[SourceDate "2014.07.16"]
[SourceVersion "1"]
[SourceVersionDate "2014.07.16"]
[SourceQuality "1"]

1. e4 c6 2. d4 d5 3. Nc3 dxe4 4. Nxe4 Nd7 5. Ng5 Ngf6 6. Bd3 e6 7. N1f3 Bd6 8. Qe2 h6 9. Ne4 Nxe4 10. Qxe4 Nf6 11. Qe2 Qc7 12. Bd2 b6 13. 0-0-0 Bb7 14. Ne5 c5 15. Bb5+ Kf8 16. Bf4 Kg8 17. Kb1 Bd5 18. Rhe1 a6 19. Bc4 Bxc4 20. Qxc4 b5 21. Qe2 c4 22. Bg3 Rd8 23. c3 Nd5 24. Ng4 Bxg3 0-1

[Event "SM-2011-0-00163"]
[Site "LSS email"]
[Date "2011.07.11"]
[Round "?"]
[White "Lovakovic, Franjo"]
[Black "Delgado, Raul Alejandro"]
[Result "1/2-1/2"]
[WhiteElo "2274"]
[BlackElo "2148"]
[PlyCount "72"]
[EventDate "2011.06.09"]
[EventType "tourn (corr)"]
[EventRounds "6"]
[EventCountry "GER"]
[SourceTitle "Telechess CBM 161"]
[Source "ChessBase"]
[SourceDate "2014.07.16"]
[SourceVersion "1"]
[SourceVersionDate "2014.07.16"]
[SourceQuality "1"]

1. e4 c6 2. d4 d5 3. exd5 cxd5 4. c4 Nf6 5. Nc3 e6 6. Nf3 Be7 7. cxd5 Nxd5 8. Bd3 Nc6 9. 0-0 0-0 10. Re1 Nf6 11. a3 b6 12. Bg5 Bb7 13. Bc2 Nd5 14. Qd3 g6 15. Bh6 Re8 16. Ne4 Bf8 17. Bg5 f6 18. Bh4 Be7 19. Nc3 Qd7 20. Nxd5 exd5 21. Qb5 Rac8 22. Rac1 Kg7 23. Bb3 Red8 24. Bg3 Bf8 25. Ba4 Qf7 26. b4 Re8 27. Rxe8 Qxe8 28. Re1 Qd8 29. Qd3 a5 30. b5 Ne7 31. Nh4 Rc4 32. Bb3 Qc8 33. Qd2 Rc3 34. Bd6 Rxb3 35. Bxe7 Bxe7 36. Rxe7+ Kf8 1/2-1/2